00000000nam 2200000zi 4500
0019.945346
003CaOODSP
00520241121094721
006m     o  d f      
007cr mn|||||||||
008241119s1971    onc     o    f000 0 eng d
040 |aCaOODSP|beng|erda|cCaOODSP
043 |an-cn---
0861 |aCo41-1/8CE-PDF|zCo41-1/8C
24500|aNorthern communications study.
24634|aNorthern communications
264 1|aOttawa : |bDepartment of Communications, |c1971.
300 |a1 online resource (123 pages).
336 |atext|btxt|2rdacontent
337 |acomputer|bc|2rdamedia
338 |aonline resource|bcr|2rdacarrier
4901 |aTelecommission study ; |v8(c)
500 |aIssued also in French under title: Les télécommunications dans le Nord canadien.
500 |aDigitized edition from print [produced by Innovation, Science and Economic Development Canada].
650 0|aArtificial satellites in telecommunication|zCanada, Northern.
650 0|aBroadcasting|zCanada, Northern.
650 0|aTelecommunication|zCanada, Northern.
650 0|aTelecommunication policy|zCanada, Northern.
7101 |aCanada. |bDepartment of Communications, |eissuing body.
77508|tLes télécommunications dans le Nord canadien.|w(CaOODSP)9.945348
830#0|aTelecommission study ;|v8(c).|w(CaOODSP)9.927947
85640|qPDF|s1.64 MB|uhttps://publications.gc.ca/collections/collection_2024/isde-ised/co41-1/Co41-1-8C-eng.pdf